| 000 | 00592nam a22001577a 4500 | ||
|---|---|---|---|
| 003 | OSt | ||
| 005 | 20151116085305.0 | ||
| 008 | 151116b xxu||||| |||| 00| 0 eng d | ||
| 040 | _cRUA | ||
| 082 | _aFOR CHA 2009 B137 Or.1 | ||
| 100 |
_93693 _aCHAKK, DOEUN. |
||
| 245 | _aBird inventory in royal university of agriculture (ការធ្វើសារពើភណ្ឌសត្វស្លាបនៅក្នុងសាកលវិទ្យាល័យភូមិន្ទកសិកម្ម) | ||
| 260 |
_aPhnom Penh _bRUA _c2009 |
||
| 300 |
_ax, 54p. _bill. _c29cm. |
||
| 942 |
_2ddc _cFOR |
||
| 999 |
_c3441 _d3441 |
||